Sochi International Airport Destinations (Sochi, Russia) - Statistics

General Stats
  • This quiz has been taken 37 times
    16 since last reset
  • The average score is 39 of 84
Answer Stats
Airline Destination % Correct
Etihad Airways Abu Dhabi
100%
Azimuth Almaty
100%
SCAT Airlines Astana
100%
Azimuth/Red Wings Airlines/Rossiya Airlines/Ural Airlines Dubai (Al Maktoum)
100%
flydubai Dubai (International)
100%
IrAero/Nordwind Airlines/Smartavia Omsk
92%
Aeroflot/I-Fly/Nordwind Airlines/Rossiya Airlines/Smartavia Saint Petersburg
92%
Armenian Airlines/Azimuth/FlyOne Armenia/Red Wings Airlines/Rossiya Airlines/Ural Airlines Yerevan
92%
Nordwind Airlines/Pobeda/Smartavia/Ural Airlines Chelyabinsk
85%
Azimuth/Ural Airlines/Uzbekistan Airways Tashkent
85%
Aeroflot/Ikar/Nordwind Airlines/Pobeda/Smartavia/Ural Airlines Yekaterinburg
85%
Air Serbia Belgrade
77%
IrAero/S7 Airlines Irkutsk
77%
Azimuth/IrAero/Rossiya Airlines/Ural Airlines Istanbul
77%
Belavia Minsk
77%
NordStar/S7 Airlines/Ural Airlines/Yamal Airlines Moscow (Domodedovo)
77%
Aeroflot/Nordwind Airlines/Pobeda/Rossiya Airlines/Smartavia Moscow (Sheremetyevo)
77%
I-Fly/Pobeda/Yakutia Airlines Moscow (Vnukovo)
77%
IrAero/Red Wings Airlines/Ural Airlines Moscow (Zhukovsky)
77%
Nordwind Airlines/S7 Airlines Novosibirsk
77%
Aeroflot/Ikar/Nordwind Airlines/Pobeda/Smartavia/Ural Airlines Samara
77%
Azimuth/Azur Air/IrAero/Rossiya Airlines Antalya
69%
Aeroflot/Izhavia/Nordwind Airlines/Pobeda Kazan
69%
Smartavia Murmansk
69%
Nordwind Airlines Nizhny Novgorod
69%
Azimuth/Red Wings Airlines Tbilisi
69%
Azimuth/IrAero/Utair Astrakhan
62%
Ural Airlines Dushanbe
62%
Ural Airlines Hurghada
62%
Jazeera Airways Kuwait City
62%
Azimuth/Red Wings Airlines/Ural Airlines Tel Aviv
62%
Nordwind Airlines/Rossiya Airlines Tomsk
62%
Aeroflot/Ikar/IrAero/Nordwind Airlines/Pobeda/Smartavia/Utair Ufa
62%
Ikar Volgograd
62%
Aeroflot/Ikar/Nordwind Airlines/Pobeda/Yamal Airlines Perm
54%
Air Arabia Sharjah
54%
AlMasria Universal Airlines/Azur Air/Ural Airlines Sharm El Sheikh
54%
Red Wings Airlines Bahrain
46%
Red Wings Airlines Batumi
46%
Nordwind Airlines/Rossiya Airlines Krasnoyarsk (Yemelyanovo)
46%
NordStar Norilsk
46%
Ikar/Nordwind Airlines/Utair/Yamal Airlines Tyumen
46%
Smartavia Arkhangelsk (Talagi)
38%
Izhavia Izhevsk
38%
Azimuth/IrAero Makhachkala
38%
Red Wings Airlines Muscat
38%
Nordwind Airlines Orenburg
38%
IrAero/Nordwind Airlines/Pobeda Saratov
38%
NordStar Abakan
31%
Ikar/IrAero Barnaul
31%
Severstal Air Company Cherepovets
31%
Nordwind Airlines Magnitogorsk
31%
Azimuth Mineralnye Vody
31%
Azimuth/IrAero/Izhavia Penza
31%
Azur Air/Red Wings Airlines Phuket
31%
Azimuth Samarqand
31%
Azimuth Stavropol
31%
Nordwind Airlines Ulyanovsk (Baratayevka)
31%
Nordwind Airlines Cheboksary
23%
IrAero Dalaman
23%
Uzbekistan Airways Namangan
23%
Nordwind Airlines/Utair Nizhnevartovsk
23%
Ikar Orsk
23%
Ural Airlines Osh
23%
Severstal Air Company Petrozavodsk
23%
Azimuth Saransk
23%
Nordwind Airlines/Utair Surgut
23%
Azur Air Colombo (Bandaranaike)
15%
Azimuth Kaluga
15%
Nordwind Airlines/Ural Airlines Kemerovo
15%
Ikar Kurgan
15%
Nordwind Airlines Nizhnekamsk
15%
Ikar Syktyvkar
15%
Azimuth Yaroslavl
15%
Red Wings Airlines Eilat
8%
Red Wings Airlines Hambantota (Mattala)
8%
Ikar/Smartavia Ivanovo
8%
Utair Khanty-Mansiysk
8%
Nordwind Airlines/Pobeda Kirov
8%
Ikar/Nordwind Airlines Novokuznetsk
8%
Yamal Airlines Salekhard
8%
Yamal Airlines Nadym
0%
Yamal Airlines Novy Urengoy
0%
Yamal Airlines Noyabrsk
0%
No matching quizzes found
Score Distribution
Percent of People with Each Score
Percentile by Number Answered
Your Score History
You have not taken this quiz since the last reset